Jeremy Cummings

WUSTL A


Categories

Arts - Music1110201949.0002
Science - Physics02012092102.5001
Science - Other Science1110203370.5012
Other - Other Academic1001153131.0011
Science - Engineering010010114114.0000
History - Euro History010110116116.0001
Arts - Other Arts022210127132.5000
Thought - Social Science010110125125.0000
Literature - American Lit000000.0000
Other - Geo/CE0010-50.0000

Buzzes

Arts - MusicBachianas Brasileiras1519
Arts - Other Artshot-529
Other - Other Academicjuggling1531
Science - Other ScienceSophus Lie1533
Other - Geo/CELouisiana-558
Science - Other Scienceconformal map-561
Arts - Musicfantasias1079
Science - Physicsdamping1092
Arts - Musicklezmer music-597
Arts - Other ArtsRussia-5103